History Quiz

Random History or Letter Quiz

Alexander the Great: A to Z Quiz Stats

 Plays Quiz not verified by Sporcle

Challenge
Share
Tweet
Embed
Score 0/20 Timer 08:00
0 Plays Today
Hint Answer % Correct
At the age of 24, Alexander was proclaimed Pharaoh of this countryEgypt
92.8%
Country at the easternmost extent of Alexander's empireIndia
82.2%
Last Achaemenid Emperor, Alexander's main enemyDarius III
74.7%
At Siwa, Alexander was proclaimed Pharaoh and son of this godZeus-Ammon
69.7%
At its northernmost extent, Alexander's empire reached into the Ferghana valley in this countryUzbekistan
60.9%
In 335 BC, this important Greek city revolted against Alexander, resulting in its destructionThebes
53.3%
Name of Alexander's horseBucephalus
52.4%
Bactrian wife of AlexanderRoxanne
40.6%
Alexander's battle against the Achaemenids that cemented their defeatGaugamela
38.7%
Alexander's Epirote motherOlympias
37.1%
Hint Answer % Correct
Alexander married himself and other Macedonians to Persian wives here (one of the Achaemenid capitals)Susa
30.8%
This city in Afghanistan was founded as 'Alexandria in Arachosia'Kandahar
23.6%
Alexander fought Porus (Purushottama) at this riverHydaspes
21.5%
Alexander fought in this battle (led by his father) against the GreeksChaeronea
18%
Alexander had this man murdered in EcbatanaParmenion
18%
Name of Alexander's dynastyArgead dynasty
15.4%
One of Alexander's navarchs, this man is known for his voyages along the Persian GulfNearchus
12.9%
Officer of Philip II, ruled Thrace and Asia Minor after Alexander's death, before being defeated by a coalition of DiadochiLysimachus
11.7%
This city in Turkmenistan was founded as 'Alexandria Margiana'Merv
8.8%
At this battle, marking his northern frontiers, Alexander defeated a Scythian armyJaxartes
8.2%

You're not logged in!

Compare scores with friends on all Sporcle quizzes.
OR
Log In

You Might Also Like...

Show Comments

Extras

Editor's Pick Jan 4, 2015ReportNominate
Tags:Letter Quiz, alexander, alphabetical, related

Top Quizzes Today


Score Distribution

Your Account Isn't Verified!

In order to create a playlist on Sporcle, you need to verify the email address you used during registration. Go to your Sporcle Settings to finish the process.

Report this User

Report this user for behavior that violates our Community Guidelines.

Details: